Biggest Cities of Yugoslavia in 1991 - Statistics

General Stats
  • This quiz has been taken 124 times
  • The average score is 11 of 15
Answer Stats
Population then Answer Population now % Correct
1,133,146 Belgrade 1,166,763
100%
454,319 Sarajevo 419,957
98%
777,826 Zagreb 792,875
98%
258,873 Ljubljana 295,504
95%
444,760 Skopje 506,926
93%
200,459 Split 178,102
89%
199,654 Pristina 204,721
86%
198,326 Novi Sad 277,522
85%
173,250 Niš 183,164
77%
143,079 Banja Luka 138,963
72%
165,904 Rijeka 128,624
69%
129,792 Osijek 108,048
56%
180,084 Kragujevac 179,417
49%
161,986 Leskovac 144,206
16%
138,111 Kruševac 128,752
12%
No matching quizzes found
Score Distribution
Percent of People with Each Score
Percentile by Number Answered
Your Score History
You have not taken this quiz